<?xml version="1.0" encoding="UTF-8"?>
<marc:record xmlns:marc="http://www.loc.gov/MARC21/slim">
   <marc:leader>00000nam a2200000 a 4500</marc:leader>
   <marc:datafield ind1="1" ind2=" " tag="100">
      <marc:subfield code="a">Dorsey, Angela</marc:subfield>
      <marc:subfield code="4">aut</marc:subfield>
      <marc:subfield code="e">Verfasser/-in</marc:subfield>
   </marc:datafield>
   <marc:datafield ind1=" " ind2=" " tag="653">
      <marc:subfield code="a">Abenteuer</marc:subfield>
   </marc:datafield>
   <marc:datafield ind1=" " ind2=" " tag="653">
      <marc:subfield code="a">Spannung</marc:subfield>
   </marc:datafield>
   <marc:datafield ind1=" " ind2=" " tag="653">
      <marc:subfield code="a">Geheimnis</marc:subfield>
   </marc:datafield>
   <marc:datafield ind1=" " ind2=" " tag="653">
      <marc:subfield code="a">Pferde</marc:subfield>
   </marc:datafield>
   <marc:datafield ind1="0" ind2="0" tag="245">
      <marc:subfield code="a">Freedom und die Schatten der Vergangenheit</marc:subfield>
   </marc:datafield>
   <marc:datafield ind1="0" ind2="0" tag="245">
      <marc:subfield code="c">Angela Dorsey</marc:subfield>
   </marc:datafield>
   <marc:datafield ind1=" " ind2="1" tag="264">
      <marc:subfield code="a">München</marc:subfield>
      <marc:subfield code="b">PonyClub, Stabenfeldt Gmbh</marc:subfield>
      <marc:subfield code="c">2009</marc:subfield>
   </marc:datafield>
   <marc:datafield ind1="1" ind2=" " tag="520">
      <marc:subfield code="a">Hailey hat fürchterliche Angst vor Pferden. Das kann sie aber noch nicht mal ihrer besten Freundin Elaine anvertrauen, denn die ist eine begeisterte Reiterin geworden. Als Hailey Jani mit ihren Pferden Keeta und Freedom trifft , scheint es , als könnte Freedom ihr helfen, ihre Furcht zu überwinden . &lt;br/&gt;Da passiert ein schrecklicher Unfall und die halbe Stadt ist  auf der Suche nach Hailey - mit der kleinen Freedom als Anführerin. doch dabei wird Freedom mit ihren eigenen Ängsten konfrontiert.... Ängste , die von einem dunklen Geheimnis herrühren. Kommen die Sucher trotzdem rechtzeitig , um Hailey zu helfen ?</marc:subfield>
   </marc:datafield>
   <marc:datafield ind1=" " ind2=" " tag="020">
      <marc:subfield code="a">9783940455246</marc:subfield>
      <marc:subfield code="9">9783940455246</marc:subfield>
   </marc:datafield>
   <marc:datafield ind1=" " ind2=" " tag="041">
      <marc:subfield code="a">ger</marc:subfield>
   </marc:datafield>
   <marc:datafield ind1=" " ind2=" " tag="300">
      <marc:subfield code="b">Jennifer Bell</marc:subfield>
   </marc:datafield>
   <marc:datafield ind1="1" ind2=" " tag="521">
      <marc:subfield code="a">0</marc:subfield>
   </marc:datafield>
   <marc:datafield ind1=" " ind2=" " tag="300">
      <marc:subfield code="a">154 S.</marc:subfield>
   </marc:datafield>
</marc:record>
